000 01598nam a22003134i 4500
001 991061519703806706
003 ES-BaIT
005 20251118085111.0
008 251112e202504 sp 000 d spa c
017 _aDL M 4279-2025
_bOficina DL Madrid
020 _a9788441444201
040 _aES-BaIT
_bcat
_erda
_cES-BaIT
080 _a860-2"19"
100 1 _aCasona, Alejandro,
_d1903-1965
_eautor
_912271
245 1 4 _aLos Árboles mueren de pie /
_cAlejandro Casona ; prólogo de Mauro Armiño
264 1 _aMadrid :
_bEDAF,
_cabril de 2025
300 _a155 pàgines ;
_c21 cm
336 _atext
_btxt
_2rdacontent
337 _asense mediació
_bn
_2rdamedia
338 _avolum
_bnc
_2rdacarrier
500 _aP13: D6, H7
504 _aBibliografia pàgines: 53-54
505 8 _aInclou: Cronologia pàgines: 13-21
520 _a"Alejandro Casona juega con la fantasía y la realidad en el teatro. Estamos, y se ve desde la primera escena, ante una escenificación del teatro dentro del teatro, no al modo pirandeliano, sino instrumentando elementos del vodevil. Esta obra nos ofrece un mundo tocado de fantasía y unos personajes que ejemplifican una idea moral. Desde la escena pretenden mostrar y demostrar al espectador el bien, la belleza, la vida en su expresión más genuina, bondadosa y maravillosa.Los árboles mueren de pie tiene la función de orientar hacia el sendero de las fuentes cristalinas y limpias de una vida mejor. -- Contracoberta
700 1 _aArmiño, Mauro,
_d1944-
_eescriptor d'un pròleg
_95391
908 _aCDMAE
940 _aCVA38
942 _2udc
_c1
999 _c136821
_d136821